Organic mechanisms Energetics Kinetics and Equilibrium / (رقم التسجيلة. 79417)

تفاصيل مارك
000 -الفاتح
حقل البيانات ثابتة الطول 04613cam a22005057a 4500
001 - رقم الضبط
رقم الضبط 8559052
003 - محدد رقم الضبط
رقم الضبط OSt
005 - وقت وتاريخ اخر تعامل مع التسجيلة
رقم الضبط 20210304203453.0
006 - عناصر البيانات ثابتة الطول - خصائص المادة الاضافية-معلومات عامة
حقل البيانات ثابتة الطول m d
007 - الحقل الثابت للوصف المادى- معلومات عامة
حقل البيانات ثابتة الطول cr n
008 - عناصر البيانات ثابتة الطول - معلومات عامة
حقل البيانات ثابتة الطول 090820s2014 gw ac sb 001 0 eng d
015 ## - رقم الببليوجرافية الوطنية
رقم الببليوجرافية الوطنية GBA997823
المصدر bnb
015 ## - رقم الببليوجرافية الوطنية
رقم الببليوجرافية الوطنية 09,N36,0772
المصدر dnb
015 ## - رقم الببليوجرافية الوطنية
رقم الببليوجرافية الوطنية 10,A06
المصدر dnb
016 7# - رقم ضبط الوكاله الوطنية للضبط الببليوجرافي
المصدر Uk
020 ## - الرقم الدولى المعيارى للكتب
الرقم الدولى المعيارى للكتاب 9781842657867
028 52 - رقم الناشر
رقم الناشر 12739813
035 ## - رقم ضبط النظام
رقم ضبط النظام (WaSeSS)ssj0000450044
040 ## - مصدر الفهرسة
وكالة الفهرسة الأصلية UKM
لغة الفهرسة eng
وكالة النسخ UKM
وكالة التعديل BTCTA
-- C#P
-- YDXCP
-- BWX
-- CDX
-- DEBBG
-- OCL
-- TJC
-- OHX
-- IAK
-- SNK
-- IOG
-- DLC
-- WaSeSS
041 1# - رمز اللغة
رمز لغة النص/ المسارات الصوتية أو العنوان الانفرادي eng
رمز لغة الترجمات و/او الاصلية المتوسطة للنص ger
042 ## - رمز التحقق
رمز التحقق lccopycat
050 #4 - رقم طلب مكتبة الكونجرس
رقم التصنيف QD262
رقم المادة .B77813 2010
050 #4 - رقم طلب مكتبة الكونجرس
رقم التصنيف QD262
082 04 - رقم تصنيف ديوى العشرى
رقم التصنيف 547.2
رقم الطبعة 22
رقم المادة DRS
084 ## - رقم تصنيف آخر
مصدر الرقم sdnb
100 ## - المدخل الرئيسى - إسم شخصى
الإسم الشخصى Dhillon, Ranjit S
9 (RLIN) 17182
210 10 - العنوان المختصر
العنوان المختصر Organic mechanisms
240 10 - العنوان الموحد
عنوان موحد <a href="Reaktionsmechanismen.">Reaktionsmechanismen.</a>
لغة العمل English
245 10 - بيان العنوان
العنوان Organic mechanisms Energetics Kinetics and Equilibrium /
بقية العنوان reactions, stereochemistry and synthesis /
بيان المسئوليه,etc Chapman, Brian
260 ## - PUBLICATION, DISTRIBUTION, ETC. (IMPRINT)
مكان الناشر او الموزع Berlin :
اسم الناشر او الموزع Springer,
تاريخ النشر أو التوزيع c2010.
500 ## - تبصرة عامة
تبصرة عامة "Translation of Brückner, R Reaktionsmechanismen, 3rd edition, published by Spektrum Akademischer Verlag, c2007"--T.p. verso.
504 ## - تبصرة ببليوجرافية
تبصرة ببليوجرافية,الخ Includes bibliographical references and index.
505 0# - تبصرة محتويات-الفهرس
تبصرة المحتويات المصاغة Radical substitution reactions at the saturated C atom -- Nucleophilic substitution reactions at the saturated C atom -- Electrophilic additions to the C = C double bond -- [Beta]-eliminations -- Substitution reactions on aromatic compounds -- Nucleophilic substitution reactions at the carboxyl carbon -- Carboxylic compounds, nitriles, and their interconversion -- Carbonic acid derivatives and heterocumulenes and their interconversion -- Additions of heteroatom nucleophiles to carbonyl compounds and subsequent reactions - condensations of heteroatom nucleophiles with carbonyl compounds -- Addition of hydride donors and of organometallic compounds to carbonyl compounds -- Conversion of phosphorus- or sulfur-stabilized C nucleophiles with carbonyl compounds: addition-induced condensations -- The chemistry of enols and enamines -- Chemistry of the alkaline earth metal enolates --Rearrangements -- Thermal cycloadditions -- Transition metal-mediated alkenylations, arylations, and alkynylations -- Oxidations and reductions.
506 ## - تبصرة قيود الاتاحة
قيود الإتاحة License restrictions may limit access.
520 1# - التبصرة الخاصة بالتعليق أو التلخيص
ملخص,الخ "This English edition of a best-selling and award-winning German textbook Reaction Mechanisms: Organic Reactions, Stereochemistry, Modern Synthetic Methods is aimed at those who desire to learn organic chemistry through an approach that is facile to understand and easily committed to memory. Michael Harmata, Norman Rabjohn Distinguished Professor of Organic Chemistry (University of Missouri) surveyed the accuracy of the translation, made certain contributions, and above all adapted its rationalizations to those prevalent in the organic chemistry community in the English-speaking world." "Throughout the book fundamental and advanced reaction mechanisms are presented with meticulous precision. The systematic use of red "electron-pushing arrows" allows students to follow each transformation elementary step by elementary step. Mechanisms are not only presented in the traditional contexts of rate laws and substituent effects but, whenever possible, are illustrated using practical, useful and state-of-the-art reactions. The abundance of stereoselective reactions included in the treatise makes the reader familiar with key concepts of stereochemistry." "The fundamental topics of the book address the needs of upper-level undergraduate students, while its advanced sections are intended for graduate-level audiences. Accordingly, this book is an essential learning tool for students and a unique addition to the reference desk of practicing organic chemists, who as life-long learners desire to keep abreast of both fundamental and applied aspects of our science. In addition, it will well serve ambitious students in chemistry-related fields such as biochemistry, medicinal chemistry and pharmaceutical chemistry."--BOOK JACKET.
650 #0 - المدخل الاضافى بالموضوع-مصطلح موضوعى
مصطلح موضوعي أو اسم جغرافي كعنصر مدخل Organic compounds
التقسيم الفرعي العام Synthesis.
9 (RLIN) 17183
650 07 - المدخل الاضافى بالموضوع-مصطلح موضوعى
مصطلح موضوعي أو اسم جغرافي كعنصر مدخل Organische Chemie.
مصدر الرأس أو المصطلح swd
9 (RLIN) 17184
650 07 - المدخل الاضافى بالموضوع-مصطلح موضوعى
مصطلح موضوعي أو اسم جغرافي كعنصر مدخل Reaktionsmechanismus.
مصدر الرأس أو المصطلح swd
9 (RLIN) 17185
655 #7 - مصطلح تكشيفى-نوع/شكل
بيانات النوع/ الشكل أو المصطلح الأساسي Lehrbuch.
مصدر المصطلح swd
9 (RLIN) 6619
700 1# - المدخل الاضافى - اسم شخصى
الإسم الشخصى Harmata, Michael,
التواريخ المصاحبة للاسم 1959-
9 (RLIN) 17186
773 #0 - مدخل المادة المضيفة
العنوان SpringerLink ebooks - Chemistry and Materials Science (2010)
856 40 - الوصول و الموقع الالكترونى
معرف المصدر الموحد <a href="http://www.columbia.edu/cgi-bin/cul/resolve?clio8559052">http://www.columbia.edu/cgi-bin/cul/resolve?clio8559052</a>
تبصرة عامة Full text available from SpringerLink ebooks - Chemistry and Materials Science (2010)
910 ## - بيانات اختيارية للمستخدم
User-option data Library of Congress record
942 ## - عناصر المدخل الإضافي( كوها)
مصدر التصنيف او مخطط الترفيف Dewey Decimal Classification
Koha [default] item type كتاب
المقتنيات
حالة الفقد نموذج السعر الفعال حالة تلف ليس للاعارة رقم الطلب تاريخ الاكتساب الموقع الحالي الباركود الفرع الرئيسي Date last seen نوع المادة فى نظام كوها مصدر التصنيف او خطة الترفيف Total Checkouts Date last checked out
  2021-03-04     547.2 DRS 2021-03-04 المكتبة المركزية بالمجمعة (CL) 00167255 المكتبة المركزية بالمجمعة (CL) 2021-03-04 كتاب Dewey Decimal Classification    
  2021-03-04     547.2 DRS 2021-03-04 المكتبة المركزية بالمجمعة (CL) 00167256 المكتبة المركزية بالمجمعة (CL) 2024-01-15 كتاب Dewey Decimal Classification 1 2023-08-23
  2021-03-04     547.2 DRS 2021-03-04 المكتبة المركزية بالمجمعة (CL) 00167257 المكتبة المركزية بالمجمعة (CL) 2021-03-04 كتاب Dewey Decimal Classification    
  2021-11-21     547.2 DRS 2021-11-21 كلية الشريعة والقانون - طالبات 00168202 كلية الشريعة والقانون - طالبات 2021-11-21 كتاب Dewey Decimal Classification    
  2021-11-21     547.2 DRS 2021-11-21 كلية الشريعة والقانون - طالبات 00168203 كلية الشريعة والقانون - طالبات 2021-11-21 كتاب Dewey Decimal Classification    
  2021-03-05     547.2 DRS 2021-03-05 مكتبة مجمع الكليات بالزلفى - طلاب (SZM) 00167396 مكتبة مجمع الكليات بالزلفى - طلاب (SZM) 2021-03-05 كتاب Dewey Decimal Classification    
  2021-03-05     547.2 DRS 2021-03-05 مكتبة مجمع الكليات بالزلفى - طلاب (SZM) 00167397 مكتبة مجمع الكليات بالزلفى - طلاب (SZM) 2021-03-05 كتاب Dewey Decimal Classification